[Event "Barcelona Tres Peons-C"]
[Site "Barcelona"]
[Date "2021.03.10"]
[Round "3"]
[White "Dominguez Diaz, Francisco"]
[Black "Pifarre Gene, Joan Baptista"]
[Result "1/2-1/2"]
[WhiteElo "1240"]
[BlackElo "1421"]
[PlyCount "86"]
[EventDate "2021.02.24"]
[EventType "tourn"]
[EventRounds "9"]
[EventCountry "ESP"]
[SourceTitle "EXT 2022"]
[Source "ChessBase"]
[SourceDate "2021.10.06"]
[SourceVersion "1"]
[SourceVersionDate "2021.10.06"]
[SourceQuality "1"]

1. e4 c5 2. Nf3 g6 3. d4 cxd4 4. Nxd4 Bg7 5. Nc3 Nc6 6. Be3 d6 7. Bb5 Bd7 8. 0-0 a6 9. Ba4 Nf6 10. h3 0-0 11. Re1 Rc8 12. Nxc6 Bxc6 13. Bxc6 Rxc6 14. Qe2 Qc8 15. Rac1 Nd7 16. Nd5 Re8 17. c3 e6 18. Nb4 Rc4 19. Bf4 a5 20. Nc2 d5 21. f3 e5 22. Bg3 dxe4 23. fxe4 Nf6 24. Qf3 Qc6 25. Na3 Rxe4 26. Rxe4 Qxe4 27. Qxe4 Nxe4 28. Kh2 Nxg3 29. Kxg3 f5 30. Nc4 e4 31. Nxa5 Be5+ 32. Kf2 Rd8 33. Rc2 Rd7 34. b3 Bc7 35. Nc4 b5 36. Nb2 Kf7 37. c4 bxc4 38. Nxc4 Ke6 39. Ke2 Bf4 40. a4 Rd3 41. b4 Kd5 42. Nb6+ Kd4 43. Rc4+ Ke5 1/2-1/2

[Event "Barcelona Tres Peons op 49th"]
[Site "Barcelona"]
[Date "2020.01.10"]
[Round "1"]
[White "Pifarre Gene, Joan Baptista"]
[Black "Peiron Lluch, Jose Daniel"]
[Result "0-1"]
[WhiteElo "1411"]
[BlackElo "1794"]
[PlyCount "61"]
[EventDate "2020.01.10"]
[EventType "swiss"]
[EventRounds "8"]
[EventCountry "ESP"]
[SourceTitle "CBM 195 Extra"]
[Source "ChessBase"]
[SourceDate "2020.05.31"]
[SourceVersion "1"]
[SourceVersionDate "2020.05.31"]
[SourceQuality "1"]

1. e4 d6 2. Nf3 Nf6 3. d3 e5 4. g3 Bg4 5. Bg2 Be7 6. Nbd2 Nc6 7. c3 Qc8 8. h3 Bh5 9. Nf1 0-0 10. Bg5 h6 11. Bxf6 Bxf6 12. Ne3 Ne7 13. g4 Bg6 14. Qd2 c6 15. h4 d5 16. Nf5 Nxf5 17. exf5 Bh7 18. 0-0-0 e4 19. Ne1 Be5 20. f4 exf3 21. Nxf3 Bg3 22. Rdf1 Qc7 23. Nd4 c5 24. Ne2 d4 25. Nxg3 dxc3 26. Qxc3 Qxg3 27. Bxb7 Rad8 28. Be4 Qe3+ 29. Kb1 Rfe8 30. Rf3 Qe2 31. Qc2 0-1

[Event "Barcelona Sant Marti op-B 21st"]
[Site "Barcelona"]
[Date "2019.07.15"]
[Round "3"]
[White "Garcia Raschke, Hernan"]
[Black "Pifarre Gene, Joan Baptista"]
[Result "0-1"]
[WhiteElo "1142"]
[BlackElo "1439"]
[PlyCount "92"]
[EventDate "2019.07.13"]
[EventType "swiss"]
[EventRounds "9"]
[EventCountry "ESP"]
[SourceTitle "EXT 2020"]
[Source "ChessBase"]
[SourceDate "2019.10.17"]
[SourceVersion "1"]
[SourceVersionDate "2019.10.17"]
[SourceQuality "1"]

1. e4 c5 2. Bc4 g6 3. Nf3 Bg7 4. Nc3 d6 5. d3 Nf6 6. 0-0 Nc6 7. Bg5 h6 8. Be3 Ng4 9. h3 Nxe3 10. fxe3 0-0 11. d4 Na5 12. Bd3 cxd4 13. exd4 Qb6 14. Nb5 a6 15. b4 Nc6 16. Na3 Nxd4 17. Nxd4 Bxd4+ 18. Kh1 Bxa1 19. Qxa1 Qxb4 20. Nc4 b5 21. Rb1 Qc5 22. Nd2 Bb7 23. c4 Qe3 24. Qc3 Rac8 25. Rb3 d5 26. Bb1 Qxc3 27. Rxc3 dxc4 28. e5 Rfd8 29. Rc2 Rd5 30. Kh2 Rcd8 31. Nf3 Rd1 32. Rf2 Rxb1 33. Nh4 c3 34. e6 Bd5 35. Rxf7 Bxe6 36. Rxe7 Rd6 37. Rc7 Bc4 38. Rc8+ Kf7 39. Rc7+ Kf6 40. Nf3 c2 41. Ra7 c1Q 42. Nh4 Qf4+ 43. g3 Qf2+ 44. Ng2 Bd5 45. Rf7+ Kxf7 46. a4 Qxg2# 0-1